Superman's Powers - Statistics

General Stats
  • This quiz has been taken 472 times
  • The average score is 7 of 16
Answer Stats
Power % Correct
Heat Vision
97%
Flight
94%
Super Strength
92%
Super Speed
87%
X-Ray Vision
76%
Super Hearing
53%
Ice Breath
46%
Super Breath
44%
Invulnerability
39%
Accelerated Healing
14%
Microscopic Vision
12%
Telescopic Vision
10%
Energy Absorbing
9%
Mental Powers
4%
Super Ventriloquism
4%
Super Hypnotism
3%
No matching quizzes found
Score Distribution
Percent of People with Each Score
Percentile by Number Answered
Your Score History
You have not taken this quiz